How to slowly kill yourself and others in America : essays /

A collection of essays on family, race, violence, celebrity, music, writing and other topics.

Bibliographic Details
Main Author: Laymon, Kiese
Format: Book
Language:English
Published: Chicago : Agate, [2013]
Subjects:

MARC

Tag First Indicator Second Indicator Subfields
LEADER 00000cam a2200000 i 4500
001 in00003355721
005 20151206085014.0
008 130612t20132013ilu 001 0aeng
010 |a  2013019503 
020 |a 9781932841770 (pbk.) 
020 |a 1932841776 (pbk.) 
020 |z 9781572847262 (ebook) 
020 |z 1572847263 (ebook) 
035 |a (OCoLC)ocn847985760 
040 |a DLC  |e rda  |c DLC  |d UtOrBLW 
043 |a n-us-ms 
049 |a TXAM 
050 0 0 |a PS3612.A959  |b Z46 2013 
082 0 0 |a 813/.6  |a B  |2 23 
100 1 |a Laymon, Kiese. 
245 1 0 |a How to slowly kill yourself and others in America :  |b essays /  |c Kiese Laymon. 
264 1 |a Chicago :  |b Agate,  |c [2013] 
264 4 |c ©2013 
300 |a 148 pages ;  |c 23 cm. 
336 |a text  |b txt  |2 rdacontent 
337 |a unmediated  |b n  |2 rdamedia 
338 |a volume  |b nc  |2 rdacarrier 
505 0 |a Prologue: We will never ever know -- The worst of white folks -- How to slowly kill yourself and others in America -- Our kind of ridiculous -- Hip-hop stole my southern Black boy -- Echo: Mychal, Darnell, Kiese, Kai, and Marlon -- Kanye West and HaLester Myers are better at their jobs... -- Reasonable doubt and the lost presidential debate of 2012 -- Eulogy for three Black boys who lived -- You are the second person -- Epilogue: my first teachers: a dialogue. 
520 |a A collection of essays on family, race, violence, celebrity, music, writing and other topics. 
600 1 0 |a Laymon, Kiese. 
650 0 |a African American novelists  |v Biography. 
650 0 |a African American teachers  |v Biography. 
651 0 |a Jackson (Miss.)  |v Biography. 
945 |a PromptCat  |b 474227 
946 |a stk 
948 |a cataloged  |b h  |c 2013/10/2  |d c  |e dmitchel  |f 8:50:40 am 
947 |a A14840628798 
994 |a 92  |b TXA 
999 |a MARS 
999 f f |s e211911d-9935-34ac-ac91-5ac9a9b319ce  |i 620ba10d-a9e5-38ec-a9ac-ef75f639d5b5  |t 0 
952 f f |p normal  |a Texas A&M University  |b College Station  |c Sterling C. Evans Library  |d Evans: Library Stacks  |t 0  |e PS3612.A959 Z46 2013  |h Library of Congress classification  |i unmediated -- volume  |m A14840628798 
998 f f |a PS3612.A959 Z46 2013  |t 0  |l Evans: Library Stacks